00332 a2200109 4500082002200000100002300022245004100045260003500086300003100121650004800152700002200200 a861.728.1bAZ997v aAzurdia, Margarita a26 anotaciones de Margaritas Azurdia aParisbMargarita Azurdiac1981 a26 pbill (a color)c19 cm aPoesiaxPoesia-GuatemalaxMargarita Azurdia aMargarita Azurdia